| 000 | 00887nas a2200265 4500 | ||
|---|---|---|---|
| 001 | BR8806325 | ||
| 003 | BR-BrBNA | ||
| 005 | 20231205091330.0 | ||
| 007 | ta | ||
| 008 | 230509b bl.|||p| |||| 00| 00por d | ||
| 040 |
_aBR-BrBNA _bpor _cBiblioteca Nacional de Agricultura |
||
| 041 | _a(Pt) | ||
| 072 | _aL53 | ||
| 100 | 1 | _aFerreira, A.M. | |
| 100 | 1 | _aVetromila, M.A.M. | |
| 100 | 1 | _aPires, M. de F.A. | |
| 245 | 1 | _aEficiencia do cloprostenol no tratamento das infeccoes uterinas de vacas com atividade ovariana ciclica | |
| 246 | 1 | _aEfficiency of cloprostenol treatment for uterine infections in cycling cows | |
| 650 | _aVACA | ||
| 650 | _aENDOMETRITE | ||
| 650 | _aHORMONIO ANIMAL | ||
| 773 | 0 |
_tPesquisa Agropecuaria Brasileira (Brazil) _xISSN 0100-204X _g(Apr 1988), v. 23(4) p. 423-426 _wBR8806325 |
|
| 909 |
_a202311 _bLúcia _c55 _dLúcia Elande |
||
| 942 |
_2AGRIS _n0 _cANA |
||
| 999 |
_c124402 _d124402 |
||